[Event "GCT Saint Louis (blitz) 2019"]
[Site "Saint Louis USA"]
[Date "2019.08.14"]
[Round "12"]
[White "Rapport, Richard"]
[Black "Yu, Yangyi"]
[Result "0-1"]
[WhiteElo "2747"]
[BlackElo "2752"]
[PlyCount "176"]
[EventDate "2019.08.13"]

1. d4 d5 2. c4 c6 3. Nc3 Nf6 4. e3 g6 5. h4 Bg7 6. Nh3 Bxh3 7. Rxh3 h5 8. Qb3
Qd7 9. Bd2 e6 10. O-O-O Qc7 11. Kb1 Nbd7 12. Rc1 Qb6 13. Qa3 a5 14. cxd5 exd5
15. e4 dxe4 16. Re3 Bf8 17. Qa4 Bb4 18. Nxe4 O-O 19. Nxf6+ Nxf6 20. Rb3 Nd5 21.
Be3 Qd8 22. Rd3 Qxh4 23. a3 Bd6 24. Qb3 Rab8 25. g3 Qe4 26. Bd2 Qf5 27. Be1
Rfe8 28. Ka2 Ra8 29. Rf3 a4 30. Qd3 Qxd3 31. Bxd3 Bf8 32. Bd2 Bg7 33. Rc4 Red8
34. Bg5 Rd7 35. Bc2 Nc7 36. Be3 Ne6 37. Rxa4 Rxa4 38. Bxa4 Bxd4 39. Bc1 Bg7 40.
Bc2 Nd4 41. Rd3 c5 42. Be3 b5 43. Rd1 Bf6 44. Be4 Kg7 45. Bc6 Rd6 46. Bg2 Rd8
47. Bf1 Rb8 48. Bf4 Rb6 49. Bc7 Rc6 50. Bf4 c4 51. Bg2 Ra6 52. Kb1 c3 53. bxc3
Ne2 54. Bd2 Rxa3 55. Bf1 Nxc3+ 56. Bxc3 Bxc3 57. Bxb5 Rb3+ 58. Kc2 Rxb5 59.
Kxc3 Kf6 60. Kd4 Re5 61. Rd3 Ke6 62. Ra3 f6 63. Kd3 Kf5 64. Ra4 g5 65. f3 Re1
66. g4+ Kg6 67. Kd2 Re8 68. gxh5+ Kxh5 69. Ra5 Re5 70. Ra4 f5 71. f4 Rd5+ 72.
Ke2 g4 73. Ra8 Rd4 74. Rh8+ Kg6 75. Kf2 Rxf4+ 76. Kg2 Rf3 77. Rg8+ Kf6 78. Rf8+
Kg5 79. Ra8 Re3 80. Ra5 Kf4 81. Ra4+ Re4 82. Ra2 Rb4 83. Rc2 Rb5 84. Ra2 Kg5
85. Ra8 Rb2+ 86. Kg1 Kh4 87. Rf8 Kg3 88. Kf1 f4 0-1

[Event "GCT Saint Louis (blitz) 2019"]
[Site "Saint Louis USA"]
[Date "2019.08.14"]
[Round "12"]
[White "Mamedyarov, Shakhriyar"]
[Black "Carlsen, Magnus"]
[Result "0-1"]
[WhiteElo "2764"]
[BlackElo "2882"]
[PlyCount "97"]
[EventDate "2019.08.13"]

1. e4 e5 2. Nc3 Nc6 3. g3 Bc5 4. Bg2 d6 5. Nge2 a6 6. Nd5 Nge7 7. c3 Nxd5 8.
exd5 Ne7 9. d4 Ba7 10. O-O O-O 11. dxe5 dxe5 12. c4 Nf5 13. b3 Re8 14. Bb2 h5
15. Rc1 Bc5 16. Qd2 a5 17. Kh1 h4 18. a3 hxg3 19. hxg3 Ra6 20. b4 axb4 21. axb4
Rh6+ 22. Kg1 Bf8 23. Rfe1 e4 24. c5 e3 25. fxe3 Qg5 26. Rc4 Rxe3 27. Rf4 Rb3
28. Ref1 Nxg3 29. Nxg3 Qxg3 30. R1f2 Qh2+ 31. Kf1 Bh3 32. d6 cxd6 33. Qd5 Bxg2+
34. Qxg2 Qxg2+ 35. Kxg2 f6 36. Bd4 dxc5 37. bxc5 Rh5 38. Rc2 Rg5+ 39. Kf1 Rb5
40. c6 bxc6 41. Rxc6 Rgf5 42. Rxf5 Rxf5+ 43. Ke2 Kf7 44. Kd3 Rb5 45. Rc7+ Kg6
46. Rc8 Bd6 47. Rc6 Be5 48. Bc5 Kf5 49. Be3 0-1

[Event "GCT Saint Louis (blitz) 2019"]
[Site "Saint Louis USA"]
[Date "2019.08.14"]
[Round "12"]
[White "Karjakin, Sergey"]
[Black "Vachier-Lagrave, Maxime"]
[Result "1-0"]
[WhiteElo "2750"]
[BlackElo "2778"]
[PlyCount "121"]
[EventDate "2019.08.13"]

1. e4 c5 2. Nf3 d6 3. d4 cxd4 4. Nxd4 Nf6 5. Nc3 a6 6. Bd3 e5 7. Nde2 Be7 8.
O-O O-O 9. Ng3 Be6 10. Nd5 Nbd7 11. c4 g6 12. Nxe7+ Qxe7 13. b3 Rfc8 14. Bg5
Qf8 15. Qd2 Ne8 16. Rad1 f6 17. Bh6 Qe7 18. Bb1 b5 19. cxb5 axb5 20. Qe2 b4 21.
Bd2 Rab8 22. Qe1 Bg4 23. f3 Be6 24. Bxb4 Nc5 25. Kh1 Qb7 26. Ba3 Qa7 27. Bb2
Bf7 28. Bc1 Qa6 29. Be3 Nc7 30. f4 exf4 31. Bxf4 Ne8 32. Qd2 Rd8 33. Qf2 Nd7
34. Ne2 Rbc8 35. Nd4 Ne5 36. h3 Qb7 37. Bg3 Rc3 38. Bh4 Nd7 39. Ne2 Rcc8 40.
Rd2 Qb4 41. Rfd1 Qc5 42. Qxc5 Rxc5 43. Bf2 Ra5 44. Rc1 Ne5 45. Nd4 Ra6 46. Kg1
Ng7 47. Rc7 Ne6 48. Nxe6 Bxe6 49. Be3 Rd7 50. Rxd7 Bxd7 51. Kf2 Be6 52. Rc2 Nc6
53. Bd2 Kf8 54. Bc3 Ke7 55. Ke3 Na7 56. Rf2 f5 57. exf5 gxf5 58. Bd3 Rc6 59.
Bd4 Nc8 60. Rc2 Rxc2 61. Bxc2 1-0

[Event "GCT Saint Louis (blitz) 2019"]
[Site "Saint Louis USA"]
[Date "2019.08.14"]
[Round "13"]
[White "Carlsen, Magnus"]
[Black "Ding, Liren"]
[Result "1-0"]
[WhiteElo "2882"]
[BlackElo "2805"]
[PlyCount "97"]
[EventDate "2019.08.13"]

1. c4 Nf6 2. Nc3 e5 3. Nf3 Nc6 4. d3 d5 5. cxd5 Nxd5 6. e3 Be7 7. Be2 O-O 8.
O-O Be6 9. Bd2 Qd7 10. a3 a5 11. Rc1 Rfd8 12. Ne4 f6 13. Nc5 Bxc5 14. Rxc5 a4
15. Qb1 Nde7 16. h3 Bf5 17. e4 Be6 18. Be3 Na5 19. d4 Nb3 20. dxe5 Nxc5 21.
Bxc5 fxe5 22. Nxe5 Qe8 23. f4 Ra5 24. Bb4 Rxe5 25. fxe5 b6 26. Bxe7 Qxe7 27.
Qc2 Rd4 28. Qc6 Qd7 29. Bb5 Qxc6 30. Bxc6 h5 31. Kf2 Rd2+ 32. Ke3 Rxg2 33. Bd5
Rg6 34. h4 c5 35. Rf5 b5 36. Rg5 Rh6 37. Rg1 Kf7 38. Rc1 c4 39. Rg1 Rh8 40. Kd4
Rc8 41. Rg5 Rb8 42. Kc5 Rc8+ 43. Kxb5 Rb8+ 44. Kxc4 Rxb2 45. Kc5 Rb1 46. Rxh5
Rb3 47. Rf5+ Ke7 48. Bxb3 Bxf5 49. Bxa4 1-0

[Event "GCT Saint Louis (blitz) 2019"]
[Site "Saint Louis USA"]
[Date "2019.08.14"]
[Round "13"]
[White "Dominguez Perez, Leinier"]
[Black "Yu, Yangyi"]
[Result "1-0"]
[WhiteElo "2763"]
[BlackElo "2752"]
[PlyCount "163"]
[EventDate "2019.08.13"]

1. e4 c5 2. Nf3 e6 3. d4 cxd4 4. Nxd4 Bb4+ 5. c3 Be7 6. c4 Nf6 7. Nc3 O-O 8. e5
Ne8 9. Be2 d6 10. exd6 Qxd6 11. Be3 Nc6 12. O-O Nf6 13. Nxc6 Qxc6 14. Qb3 Bc5
15. Bf3 Qc7 16. Nb5 Qe7 17. Bxc5 Qxc5 18. Rfd1 Rb8 19. Rac1 Bd7 20. Qe3 Qxe3
21. fxe3 Bxb5 22. cxb5 e5 23. Rc7 e4 24. Be2 Rfc8 25. Rdc1 Rxc7 26. Rxc7 Nd5
27. Rd7 Nf6 28. Rc7 Nd5 29. Rc5 Rd8 30. Kf2 Kf8 31. Bc4 Nb6 32. Bb3 Rc8 33. Re5
Re8 34. Rxe8+ Kxe8 35. Kg3 Nc8 36. Kf4 Nd6 37. a4 f6 38. Bd5 g5+ 39. Kg4 b6 40.
Kh5 Ke7 41. g4 Nf7 42. Bxe4 Ne5 43. Bxh7 Nc4 44. e4 Kd6 45. Bg8 Nxb2 46. Bb3
Ke5 47. Kg6 Nd3 48. Kf7 Nf2 49. Ke7 Nxe4 50. Kd8 Nc5 51. Bc2 Kd6 52. Kc8 a5 53.
bxa6 Nxa6 54. Kb7 Nb4 55. Bb1 Kc5 56. Kc7 Nc6 57. h3 Ne5 58. Kd8 Kd6 59. Ke8
Nc4 60. Kf7 Ke5 61. Ke7 Nd2 62. Bc2 Nc4 63. Kd7 Kd5 64. Bb3 Kc5 65. Ke6 Nd2 66.
Bc2 Kd4 67. Kxf6 Nf3 68. Bd1 Ng1 69. Kxg5 Nxh3+ 70. Kf5 Kc5 71. Be2 Ng1 72. Bd1
Nh3 73. Be2 Ng1 74. Bb5 Kd6 75. Kf6 Nf3 76. g5 Ne5 77. g6 Ng4+ 78. Kf7 Ne5+ 79.
Kg7 Ke7 80. Kh7 Ng4 81. g7 Nf6+ 82. Kh8 1-0

[Event "GCT Saint Louis (blitz) 2019"]
[Site "Saint Louis USA"]
[Date "2019.08.14"]
[Round "13"]
[White "Vachier-Lagrave, Maxime"]
[Black "Mamedyarov, Shakhriyar"]
[Result "1/2-1/2"]
[WhiteElo "2778"]
[BlackElo "2764"]
[PlyCount "105"]
[EventDate "2019.08.13"]

1. e4 e5 2. Nf3 Nc6 3. Bc4 Bc5 4. c3 Nf6 5. d3 d6 6. O-O h6 7. Re1 O-O 8. Nbd2
Ne7 9. d4 Bb6 10. Bb3 Ng6 11. Nc4 Be6 12. a4 Bxc4 13. Bxc4 a5 14. Qb3 c6 15.
Bd3 Re8 16. h3 Qc7 17. Bd2 Rad8 18. Rad1 Ba7 19. Bb1 Qb6 20. Qxb6 Bxb6 21. Kf1
Kf8 22. g3 Kg8 23. Bc1 Rd7 24. b3 exd4 25. Nxd4 d5 26. exd5 Rxe1+ 27. Rxe1 Rxd5
28. Nf5 Rd7 29. Kg2 Bc5 30. h4 Nf8 31. Ne3 Nd5 32. Nxd5 Rxd5 33. Bc2 Ne6 34.
Rd1 Rxd1 35. Bxd1 Kf8 36. Bd2 Be7 37. h5 Bf6 38. Kf1 Ke7 39. Ke2 Kd6 40. Bc2 b5
41. f4 Nc7 42. c4 b4 43. g4 Ne6 44. Bd1 g5 45. f5 Nc5 46. Be3 Nd7 47. Kd3 c5
48. Bf3 Bc3 49. Bf2 Be5 50. Ke2 Bf4 51. Kd3 Be5 52. Bd5 Nf6 53. Bf3 1/2-1/2

[Event "GCT Saint Louis (blitz) 2019"]
[Site "Saint Louis USA"]
[Date "2019.08.14"]
[Round "13"]
[White "Aronian, Levon"]
[Black "Caruana, Fabiano"]
[Result "1/2-1/2"]
[WhiteElo "2765"]
[BlackElo "2818"]
[PlyCount "112"]
[EventDate "2019.08.13"]

1. c4 Nf6 2. g3 c6 3. Bg2 d5 4. Nf3 dxc4 5. O-O g6 6. Qc2 Bg7 7. Qxc4 O-O 8.
Qc2 Bf5 9. d3 Qc8 10. Nc3 Bh3 11. d4 Na6 12. Rd1 Bxg2 13. Kxg2 Nd5 14. e4 Nxc3
15. bxc3 b5 16. a4 Nc7 17. Be3 a6 18. h4 h6 19. c4 Ne6 20. Rac1 bxa4 21. d5
cxd5 22. cxd5 Qxc2 23. Rxc2 Nd8 24. Ra2 Nb7 25. Rxa4 a5 26. Rb1 Nd6 27. e5 Nf5
28. Bd2 g5 29. hxg5 hxg5 30. Bxg5 f6 31. Bf4 fxe5 32. Bxe5 Ra6 33. Rb5 Rfa8 34.
g4 Nd6 35. Bxd6 exd6 36. Nd2 Bc3 37. Nc4 Bb4 38. f4 Bc3 39. Kf3 Re8 40. Ne3 Bd2
41. Nf5 Re1 42. Rc4 Ra8 43. Rb7 Rc1 44. Rxc1 Bxc1 45. Nxd6 a4 46. Rb1 Ba3 47.
Nc4 Bc5 48. g5 a3 49. Nxa3 Rxa3+ 50. Kg4 Ra4 51. Kf5 Bd6 52. Kg6 Rxf4 53. Rb6
Bf8 54. Rb8 Ra4 55. Rd8 Ra6+ 56. d6 Rxd6+ 1/2-1/2

[Event "GCT Saint Louis (blitz) 2019"]
[Site "Saint Louis USA"]
[Date "2019.08.14"]
[Round "13"]
[White "Karjakin, Sergey"]
[Black "Rapport, Richard"]
[Result "1-0"]
[WhiteElo "2750"]
[BlackElo "2747"]
[PlyCount "141"]
[EventDate "2019.08.13"]

1. e4 e5 2. Nf3 Nc6 3. Nc3 Nf6 4. d4 exd4 5. Nxd4 Bb4 6. Nxc6 bxc6 7. Bd3 d5 8.
Bd2 O-O 9. O-O Rb8 10. Re1 Re8 11. a3 Bxc3 12. Bxc3 dxe4 13. Bxe4 Qxd1 14.
Raxd1 Nxe4 15. Rxe4 Bf5 16. Rxe8+ Rxe8 17. h3 Bxc2 18. Rd7 Rc8 19. Rd4 Bb3 20.
Rg4 g6 21. Rb4 Bd5 22. Ra4 Ra8 23. Ra6 c5 24. Ra5 c6 25. Rxc5 f5 26. Ra5 a6 27.
Ra4 Kf7 28. Rb4 Ra7 29. f3 a5 30. Rb8 a4 31. h4 Ke6 32. Kf2 f4 33. Rb4 Kf5 34.
Bd2 Bb3 35. Rxf4+ Ke6 36. Bc3 Re7 37. Kg3 Rf7 38. Re4+ Kd7 39. Rb4 Ke6 40. Rb6
Kd5 41. Ra6 c5 42. h5 gxh5 43. Rh6 Bc2 44. Rxh5+ Kc6 45. Kf2 Bg6 46. Re5 Kd6
47. Re1 Re7 48. Rd1+ Ke6 49. g4 h5 50. Kg3 hxg4 51. fxg4 Kf7 52. Rd5 Rc7 53.
Rd6 Bc2 54. g5 Re7 55. Rf6+ Kg8 56. Rc6 Re3+ 57. Kf4 Re4+ 58. Kg3 Re3+ 59. Kf2
Re7 60. g6 Re8 61. g7 Bb3 62. Rxc5 Kf7 63. Rf5+ Kg8 64. Rh5 Kf7 65. Rh8 Rg8 66.
Ke3 Ke7 67. Kf4 Re8 68. Kg5 Bg8 69. Rh6 Ra8 70. Rf6 Bf7 71. Bb4+ 1-0

[Event "GCT Saint Louis (blitz) 2019"]
[Site "Saint Louis USA"]
[Date "2019.08.14"]
[Round "14"]
[White "Ding, Liren"]
[Black "Vachier-Lagrave, Maxime"]
[Result "1-0"]
[WhiteElo "2805"]
[BlackElo "2778"]
[PlyCount "73"]
[EventDate "2019.08.13"]

1. d4 Nf6 2. c4 g6 3. g3 c6 4. Bg2 d5 5. cxd5 cxd5 6. Nf3 Bg7 7. Ne5 Ne4 8. Nd2
Nd7 9. O-O O-O 10. Nxe4 dxe4 11. Nxd7 Bxd7 12. Bxe4 Bh3 13. Bxb7 Rb8 14. Bg2
Bxg2 15. Kxg2 Bxd4 16. Bh6 Re8 17. Rb1 Bxb2 18. Qxd8 Rexd8 19. Rfd1 Rxd1 20.
Rxd1 f6 21. Rd7 Kf7 22. Bf4 Ra8 23. a4 Bc3 24. Be3 a5 25. Bc5 Re8 26. Rb7 f5
27. Kf3 Ke6 28. e4 h5 29. h4 Kf6 30. Ke3 e6 31. Rb3 Be5 32. f4 Bb8 33. e5+ Kf7
34. Rb7+ Kg8 35. Kd4 Rc8 36. Bd6 Bxd6 37. exd6 1-0

[Event "GCT Saint Louis (blitz) 2019"]
[Site "Saint Louis USA"]
[Date "2019.08.14"]
[Round "14"]
[White "Rapport, Richard"]
[Black "Dominguez Perez, Leinier"]
[Result "1-0"]
[WhiteElo "2747"]
[BlackElo "2763"]
[PlyCount "109"]
[EventDate "2019.08.13"]

1. d4 d5 2. c4 e6 3. Nc3 Nf6 4. Bg5 Be7 5. e3 h6 6. Bh4 O-O 7. Rc1 Nbd7 8. cxd5
Nxd5 9. Bxe7 Qxe7 10. Nxd5 exd5 11. Rxc7 Qb4+ 12. Qd2 Qb6 13. Rc2 Nf6 14. Bd3
Bg4 15. h3 Bh5 16. Ne2 Bxe2 17. Kxe2 Qd6 18. Qc3 Rfe8 19. Qc7 Qe6 20. Rhc1 Ne4
21. Bxe4 Qxe4 22. Kf1 Rab8 23. Rc3 Qf5 24. Kg1 a6 25. a4 Rbc8 26. Qxb7 Rb8 27.
Qxa6 Rxb2 28. Qf1 Reb8 29. g4 Qd7 30. Qd3 g6 31. a5 Ra2 32. Ra3 Rbb2 33. Ra1
Rxa1+ 34. Rxa1 h5 35. Qd1 hxg4 36. hxg4 Rb7 37. a6 Ra7 38. Qe2 Qe6 39. Kg2 Kg7
40. f3 Qc6 41. Qd3 Qb6 42. Qe2 Qc6 43. Ra2 Qb6 44. Qd3 Qc6 45. e4 dxe4 46. fxe4
Qe6 47. d5 Qxg4+ 48. Kf1 Qf4+ 49. Rf2 Qe5 50. d6 Rd7 51. Rd2 Qf4+ 52. Ke1 Qe5
53. Qd4 Kf6 54. Qxe5+ Kxe5 55. a7 1-0

[Event "GCT Saint Louis (blitz) 2019"]
[Site "Saint Louis USA"]
[Date "2019.08.14"]
[Round "14"]
[White "Yu, Yangyi"]
[Black "Aronian, Levon"]
[Result "1/2-1/2"]
[WhiteElo "2752"]
[BlackElo "2765"]
[PlyCount "53"]
[EventDate "2019.08.13"]

1. e4 e5 2. Nf3 Nc6 3. Nc3 Nf6 4. Bb5 Nd4 5. Bc4 Bc5 6. Nxe5 Qe7 7. Nf3 d5 8.
Nxd5 Qxe4+ 9. Ne3 Bg4 10. Be2 Nxe2 11. Qxe2 Bxe3 12. Qxe3 O-O-O 13. Qxe4 Nxe4
14. d3 Bxf3 15. gxf3 Nc5 16. Be3 Ne6 17. h4 h5 18. Kd2 Rd5 19. Rag1 Rhd8 20. a4
c5 21. b3 b6 22. Ke2 Kb7 23. Kd2 Kc6 24. Rg3 Rf5 25. Ke2 g6 26. Kd2 Rd7 27. Ke2
1/2-1/2

[Event "GCT Saint Louis (blitz) 2019"]
[Site "Saint Louis USA"]
[Date "2019.08.14"]
[Round "14"]
[White "Mamedyarov, Shakhriyar"]
[Black "Karjakin, Sergey"]
[Result "1-0"]
[WhiteElo "2764"]
[BlackElo "2750"]
[PlyCount "47"]
[EventDate "2019.08.13"]

1. e4 e5 2. Nc3 Nf6 3. g3 d5 4. exd5 Nxd5 5. Bg2 Nxc3 6. bxc3 Bd6 7. Ne2 O-O 8.
O-O Nc6 9. Rb1 Re8 10. d4 h6 11. Be3 Qf6 12. Qd3 a6 13. d5 Bf5 14. Be4 Bxe4 15.
Qxe4 Na5 16. c4 b6 17. c5 bxc5 18. Qa4 Qf3 19. Rfe1 f5 20. Qxa5 f4 21. Bxc5 Qg4
22. Bxd6 cxd6 23. Qa4 Qf5 24. Nxf4 1-0

[Event "GCT Saint Louis (blitz) 2019"]
[Site "Saint Louis USA"]
[Date "2019.08.14"]
[Round "14"]
[White "Caruana, Fabiano"]
[Black "Carlsen, Magnus"]
[Result "1-0"]
[WhiteElo "2818"]
[BlackElo "2882"]
[PlyCount "123"]
[EventDate "2019.08.13"]

1. e4 e5 2. Nf3 Nc6 3. Bb5 f5 4. d3 fxe4 5. dxe4 Nf6 6. O-O d6 7. Bc4 Bg4 8. h3
Bh5 9. Nc3 Qd7 10. Be3 Be7 11. a4 Rf8 12. Be2 Bxf3 13. Bxf3 Kf7 14. Nd5 Kg8 15.
a5 a6 16. c3 Kh8 17. Qb3 Nd8 18. Rad1 Nxd5 19. Bg4 Qb5 20. Qxd5 Qxb2 21. Qc4 c6
22. Rb1 Qa3 23. Bb6 Nf7 24. Ra1 Qb2 25. Rfb1 d5 26. Qd3 dxe4 27. Qd7 Qxc3 28.
Qxe7 Nh6 29. Be3 Rf7 30. Qe6 Raf8 31. Ra2 Nxg4 32. hxg4 Qd3 33. Qb3 Qd7 34. Qd1
Qe6 35. Rd2 h6 36. Rbb2 Kh7 37. Rd6 Qe7 38. g5 hxg5 39. Rbd2 Kg8 40. Qg4 Qc7
41. Bb6 Qe7 42. Be3 Qc7 43. Rd7 Qc8 44. Qe6 c5 45. Qc4 Qe8 46. Rxb7 Kh7 47.
Rxf7 Rxf7 48. Qxa6 Qa4 49. Qe6 Qa1+ 50. Kh2 Rf6 51. Qg4 Qxa5 52. Qxe4+ Kh6 53.
Qh4+ Kg6 54. Qxg5+ Kh7 55. Qh5+ Kg8 56. Qe8+ Kh7 57. Rd8 Rf5 58. Qg8+ Kg6 59.
Rd6+ Rf6 60. Qe8+ Kf5 61. Qh5+ Ke4 62. Qg4+ 1-0

[Event "GCT Saint Louis (blitz) 2019"]
[Site "Saint Louis USA"]
[Date "2019.08.14"]
[Round "15"]
[White "Aronian, Levon"]
[Black "Dominguez Perez, Leinier"]
[Result "1/2-1/2"]
[WhiteElo "2765"]
[BlackElo "2763"]
[PlyCount "59"]
[EventDate "2019.08.13"]

1. c4 e6 2. g3 d5 3. Bg2 Nf6 4. Nf3 Be7 5. O-O O-O 6. d4 dxc4 7. Qc2 a6 8. a4
c5 9. dxc5 Bxc5 10. Qxc4 b6 11. Ne5 Ra7 12. Nd3 Be7 13. Bf4 Bb7 14. Bxb7 Rxb7
15. Rc1 Nd5 16. Bxb8 b5 17. axb5 axb5 18. Qb3 Qxb8 19. Nd2 Rc8 20. Nf3 g6 21.
Rxc8+ Qxc8 22. Rc1 Rc7 23. Rxc7 Nxc7 24. Qc3 Qb7 25. Nfe5 Ne8 26. Nc6 Bf8 27.
Nde5 Qc7 28. Qa5 Qxa5 29. Nxa5 Bg7 30. Nac6 1/2-1/2

[Event "GCT Saint Louis (blitz) 2019"]
[Site "Saint Louis USA"]
[Date "2019.08.14"]
[Round "15"]
[White "Mamedyarov, Shakhriyar"]
[Black "Rapport, Richard"]
[Result "1-0"]
[WhiteElo "2764"]
[BlackElo "2747"]
[PlyCount "67"]
[EventDate "2019.08.13"]

1. Nf3 Nf6 2. d4 e6 3. g3 b6 4. Bg2 Bb7 5. O-O Be7 6. c4 O-O 7. d5 Na6 8. Nc3
Bb4 9. Bd2 Re8 10. dxe6 dxe6 11. Qc2 Nc5 12. Rad1 Qe7 13. a3 Bxc3 14. Bxc3 Be4
15. Qc1 a5 16. b4 axb4 17. axb4 Ncd7 18. Qf4 Ra3 19. Bxf6 Nxf6 20. Ne5 Bxg2 21.
Kxg2 Qxb4 22. Rd7 Rf8 23. Nc6 Qa4 24. Rxc7 Ra2 25. e4 Qc2 26. Nb4 e5 27. Qf5
Qa4 28. Nxa2 Qxa2 29. Rc8 Qa6 30. Rxf8+ Kxf8 31. Qxe5 Qxc4 32. Qd6+ Ke8 33. Rd1
Qxe4+ 34. Kg1 1-0

[Event "GCT Saint Louis (blitz) 2019"]
[Site "Saint Louis USA"]
[Date "2019.08.14"]
[Round "15"]
[White "Karjakin, Sergey"]
[Black "Ding, Liren"]
[Result "0-1"]
[WhiteElo "2750"]
[BlackElo "2805"]
[PlyCount "94"]
[EventDate "2019.08.13"]

1. Nf3 d5 2. d4 Nf6 3. e3 c5 4. dxc5 e6 5. c4 Bxc5 6. a3 O-O 7. Nc3 dxc4 8.
Qxd8 Rxd8 9. Bxc4 a6 10. Be2 b5 11. O-O Bb7 12. Bd2 Nbd7 13. Rfd1 Be7 14. Nd4
Nb6 15. Be1 Rac8 16. Nb3 Nfd5 17. Na5 Ba8 18. Nxd5 Bxd5 19. Bc3 Na4 20. Bd4 Bf6
21. Bxf6 gxf6 22. b4 Nc3 23. Re1 Nxe2+ 24. Rxe2 Rc3 25. e4 Bc4 26. Nxc4 Rxc4
27. f3 Rd3 28. Kf2 Kg7 29. Kg3 Rb3 30. a4 Rcxb4 31. axb5 axb5 32. Ra7 Rb2 33.
Rxb2 Rxb2 34. Rb7 b4 35. h4 h5 36. Kh3 b3 37. g4 hxg4+ 38. Kxg4 Rb1 39. Kg3 b2
40. Kg2 Kg6 41. Rb5 e5 42. Rb8 f5 43. Rb6+ f6 44. exf5+ Kxf5 45. h5 Kg5 46. h6
Kg6 47. Kh2 Kh7 0-1

[Event "GCT Saint Louis (blitz) 2019"]
[Site "Saint Louis USA"]
[Date "2019.08.14"]
[Round "15"]
[White "Vachier-Lagrave, Maxime"]
[Black "Caruana, Fabiano"]
[Result "0-1"]
[WhiteElo "2778"]
[BlackElo "2818"]
[PlyCount "134"]
[EventDate "2019.08.13"]

1. e4 c5 2. Nf3 Nc6 3. c3 Nf6 4. e5 Nd5 5. Bc4 Nb6 6. Bb3 d5 7. exd6 e6 8. d4
Bxd6 9. O-O O-O 10. Bg5 Qc7 11. dxc5 Bxc5 12. Nbd2 e5 13. Ne4 Be7 14. Bxe7 Qxe7
15. Qd6 Qxd6 16. Nxd6 a5 17. a4 Nd7 18. Rfe1 Nc5 19. Bc4 Be6 20. Nxe5 Bxc4 21.
Ndxc4 Rfd8 22. Kf1 h5 23. Nb6 Ra6 24. Nec4 g6 25. Rad1 Rxd1 26. Rxd1 Ne5 27.
Nxe5 Rxb6 28. Nc4 Ra6 29. Ra1 h4 30. h3 Kg7 31. Ke2 Re6+ 32. Kd1 b6 33. f3 Kf6
34. b4 axb4 35. cxb4 Nd3 36. Kd2 Nxb4 37. Rb1 Nd5 38. Rb5 Rc6 39. Kd3 Nf4+ 40.
Kd4 Ne6+ 41. Kd5 Rc7 42. Nxb6 Rc2 43. Kd6 Rxg2 44. Nd5+ Kg7 45. a5 Ra2 46. Nb4
Ra4 47. a6 Nf4 48. Rb7 Nxh3 49. a7 Nf2 50. Nc6 h3 51. Ne5 h2 52. Rxf7+ Kg8 53.
Rb7 h1=Q 54. Rb8+ Kg7 55. a8=Q Rxa8 56. Rxa8 Qd1+ 57. Ke6 Qb3+ 58. Kd6 Qb4+ 59.
Kc7 Qe7+ 60. Nd7 Nd3 61. Ra5 Nf4 62. Re5 Qf7 63. Kd6 Qa2 64. Re7+ Kh6 65. Re4
Qa3+ 66. Ke5 Nh5 67. Kd4 Qd6+ 0-1

[Event "GCT Saint Louis (blitz) 2019"]
[Site "Saint Louis USA"]
[Date "2019.08.14"]
[Round "15"]
[White "Carlsen, Magnus"]
[Black "Yu, Yangyi"]
[Result "0-1"]
[WhiteElo "2882"]
[BlackElo "2752"]
[PlyCount "50"]
[EventDate "2019.08.13"]

1. e4 e5 2. Nf3 Nf6 3. Nxe5 d6 4. Nxf7 Kxf7 5. d4 c5 6. Nc3 cxd4 7. Bc4+ Ke8 8.
Qxd4 Nc6 9. Qe3 Qb6 10. Qg3 Nd4 11. O-O Be6 12. Bxe6 Nxe6 13. Nd5 Qc6 14. Nxf6+
gxf6 15. Qg4 Ke7 16. Bd2 h5 17. Qg6 Bh6 18. Bc3 Raf8 19. Rfe1 Bf4 20. Rad1 Be5
21. Re3 Rfg8 22. Qf5 Nf4 23. Bxe5 dxe5 24. h4 Nxg2 25. Rg3 Ne3 0-1

[Event "GCT Saint Louis (blitz) 2019"]
[Site "Saint Louis USA"]
[Date "2019.08.14"]
[Round "16"]
[White "Yu, Yangyi"]
[Black "Vachier-Lagrave, Maxime"]
[Result "1-0"]
[WhiteElo "2752"]
[BlackElo "2778"]
[PlyCount "63"]
[EventDate "2019.08.13"]

1. d4 Nf6 2. c4 g6 3. Nc3 d5 4. Nf3 Bg7 5. Bf4 O-O 6. e3 c5 7. dxc5 Ne4 8. Rc1
Nd7 9. cxd5 Qa5 10. Be2 Nxc3 11. bxc3 Bxc3+ 12. Kf1 Nxc5 13. h4 Bf5 14. h5 Rfd8
15. hxg6 Bxg6 16. Ng5 Bf6 17. Bh5 e5 18. Nxh7 Qa6+ 19. Be2 Qd6 20. Nxf6+ Qxf6
21. Bxe5 Qxe5 22. Rxc5 Rac8 23. Rxc8 Rxc8 24. Rh4 Be4 25. d6 Rd8 26. d7 Bf5 27.
Rd4 Qe7 28. Bg4 Bg6 29. Qf3 Qc5 30. Qf6 Qa5 31. Kg1 Kh7 32. Bf5 1-0

[Event "GCT Saint Louis (blitz) 2019"]
[Site "Saint Louis USA"]
[Date "2019.08.14"]
[Round "16"]
[White "Caruana, Fabiano"]
[Black "Karjakin, Sergey"]
[Result "0-1"]
[WhiteElo "2818"]
[BlackElo "2750"]
[PlyCount "210"]
[EventDate "2019.08.13"]

1. e4 e5 2. Nf3 Nc6 3. Bc4 Bc5 4. c3 Nf6 5. d3 d6 6. O-O h6 7. Re1 O-O 8. h3 a6
9. a4 a5 10. Na3 Be6 11. Bxe6 fxe6 12. Nc2 Bb6 13. Be3 Bxe3 14. Nxe3 Qd7 15. g3
Rf7 16. Qe2 Raf8 17. Nd2 Kh7 18. h4 Qd8 19. Rf1 Nd7 20. Nb3 Kh8 21. Kg2 Nf6 22.
Rh1 Nd7 23. Rhf1 Nf6 24. Rad1 Qa8 25. Nd2 Qd8 26. Nf3 Nd7 27. Nh2 Nc5 28. Qc2
Nd7 29. Nhg4 Qe7 30. b3 Rg8 31. Qe2 Nc5 32. Rb1 Rgf8 33. Nc4 Qd8 34. Nd2 Qe7
35. Nh2 Qd8 36. Ndf3 Qa8 37. h5 Nd7 38. Nh4 Ne7 39. Ng4 Nf6 40. Nxf6 Rxf6 41.
d4 exd4 42. cxd4 Qa7 43. Rbd1 Qb6 44. Rd3 Qc6 45. f3 Qe8 46. f4 g5 47. hxg6
Nxg6 48. Qg4 Rg8 49. Nxg6+ Rfxg6 50. Qe2 Rg4 51. Rh1 Qg6 52. Qf3 Rxg3+ 53. Qxg3
Qxe4+ 54. Rf3 Rxg3+ 55. Kxg3 Kg7 56. Rd1 Qg6+ 57. Kf2 Qc2+ 58. Ke1 Kf6 59. Rd2
Qe4+ 60. Kf2 h5 61. Rdd3 h4 62. Kg2 Qe1 63. Kh3 Kf5 64. Kh2 Kg4 65. Rde3 Qd2+
66. Kh1 Qxd4 67. Kg2 Qd5 68. Kf2 Qd2+ 69. Re2 Qd4+ 70. Ree3 c6 71. Ke2 b5 72.
axb5 cxb5 73. Rd3 Qb2+ 74. Kd1 d5 75. Rfe3 a4 76. bxa4 bxa4 77. Ra3 Kxf4 78.
Rf3+ Kg4 79. Rfd3 d4 80. Rxa4 e5 81. Ra8 Qb7 82. Rf8 Qh1+ 83. Kd2 Qg2+ 84. Kd1
Qb7 85. Rg8+ Kf4 86. Rh8 Qe7 87. Rh3 Kg4 88. Rh1 d3 89. Kd2 Qb4+ 90. Ke3 Qd4+
91. Kd2 Qf2+ 92. Kc3 Qd4+ 93. Kd2 Qf2+ 94. Kc3 d2 95. Rg8+ Kh5 96. Rh8+ Kg6 97.
Rd1 e4 98. Rg8+ Kh7 99. Rd8 e3 100. Rd7+ Kg6 101. Rd6+ Kg5 102. Rd5+ Kg4 103.
Kd3 Qf3 104. Rg1+ Kh3 105. Rdg5 d1=Q+ 0-1

[Event "GCT Saint Louis (blitz) 2019"]
[Site "Saint Louis USA"]
[Date "2019.08.14"]
[Round "16"]
[White "Rapport, Richard"]
[Black "Aronian, Levon"]
[Result "0-1"]
[WhiteElo "2747"]
[BlackElo "2765"]
[PlyCount "104"]
[EventDate "2019.08.13"]

1. d4 Nf6 2. Bg5 d5 3. e3 c5 4. c3 cxd4 5. Bxf6 gxf6 6. cxd4 e6 7. Nc3 Nd7 8.
Bd3 f5 9. Nge2 Nf6 10. Qb3 a6 11. O-O-O Bd7 12. Kb1 Bc6 13. h3 h5 14. h4 Ng4
15. Rdf1 Bd6 16. g3 Qa5 17. Nf4 O-O-O 18. Be2 Kb8 19. Nd3 Rc8 20. Rc1 Bd7 21.
a3 Rc6 22. Bxg4 fxg4 23. Ne5 Bxe5 24. dxe5 Qc7 25. Na2 Qxe5 26. Nb4 Rb6 27. Nd3
Rxb3 28. Nxe5 Be8 29. Ka2 Rb6 30. b4 f6 31. Nd3 e5 32. Nc5 Rd6 33. Rhd1 Bg6 34.
a4 Rhd8 35. a5 d4 36. exd4 Rxd4 37. Rxd4 Rxd4 38. Kb3 Bf7+ 39. Kc3 Kc7 40. Na4
Kd6 41. Nb6 Be8 42. Nc4+ Kd5 43. Nd2 Bg6 44. Rd1 Kc6 45. Rc1 Kb5 46. Nb3 Rc4+
47. Kb2 Rxc1 48. Nxc1 Kxb4 49. Nb3 Bf7 50. Nd2 Bd5 51. Nf1 Kxa5 52. Ne3 Be6 0-1

[Event "GCT Saint Louis (blitz) 2019"]
[Site "Saint Louis USA"]
[Date "2019.08.14"]
[Round "16"]
[White "Dominguez Perez, Leinier"]
[Black "Carlsen, Magnus"]
[Result "1-0"]
[WhiteElo "2763"]
[BlackElo "2882"]
[PlyCount "107"]
[EventDate "2019.08.13"]

1. e4 c5 2. Nf3 Nc6 3. d4 cxd4 4. Nxd4 Nf6 5. Nc3 e5 6. Ndb5 d6 7. Bg5 a6 8.
Na3 b5 9. Nd5 Be7 10. Bxf6 Bxf6 11. c3 Ne7 12. Nxf6+ gxf6 13. Bd3 d5 14. Qe2
Bb7 15. O-O-O Qb6 16. Nc2 O-O-O 17. exd5 Bxd5 18. Nb4 Be6 19. Qf3 a5 20. Qa8+
Kc7 21. Na6+ Kd6 22. Be4+ Nd5 23. Rxd5+ Ke7 24. Rxd8 Rxd8 25. Qb7+ Qxb7 26.
Bxb7 Bxa2 27. Rd1 Rg8 28. Nc5 f5 29. b3 a4 30. Kb2 Bxb3 31. Nxb3 axb3 32. Kxb3
e4 33. g3 h5 34. Rd5 Kf6 35. Rxb5 h4 36. c4 hxg3 37. hxg3 e3 38. fxe3 Rxg3 39.
Bc8 Rxe3+ 40. Kb4 Rf3 41. c5 Ke5 42. Rb7 f4 43. Rxf7 Rf1 44. Kb5 f3 45. Kc6 Kd4
46. Kd6 f2 47. Bg4 Ke3 48. c6 Rg1 49. Bh3 Rh1 50. c7 Rxh3 51. c8=Q Rh6+ 52. Kc5
Rh5+ 53. Kc4 Rh4+ 54. Kb3 1-0